| 000 | 00525nam a2200169 a 4500 | ||
|---|---|---|---|
| 001 | 000040243 | ||
| 005 | 20201002034015.0 | ||
| 008 | 130820s1975 cu 000 0 spa d | ||
| 040 |
_aDO-SdBNP _bspa _cBNPHU |
||
| 082 | _axxx | ||
| 100 | 1 |
_aSembén, Usmán _966510 |
|
| 240 | 1 | 0 |
_aLes bouts de bois de Dieu _lespañol |
| 245 | 1 | 4 |
_aLos trozos de madera de Dios / _cUsmán Sembén ; Virgilio Piñero. |
| 260 |
_aLa Habana : _bArte y Literatura, _c1975. |
||
| 300 |
_a396 p. ; _c18 cm. |
||
| 700 | 1 |
_aPiñero, Virgilio, _etr. _966511 |
|
| 999 |
_c39733 _d39733 |
||